|
|
|
|
| LEADER |
00000naa2a2200000 4500 |
| 001 |
634601 |
| 005 |
20240406180407.0 |
| 035 |
|
|
|a (RuTPU)RU\TPU\conf\36419
|
| 035 |
|
|
|a RU\TPU\conf\36414
|
| 090 |
|
|
|a 634601
|
| 100 |
|
|
|a 20220629d2022 k y0rusy50 ca
|
| 101 |
0 |
|
|a rus
|
| 102 |
|
|
|a RU
|
| 105 |
|
|
|a y z 101zy
|
| 135 |
|
|
|a drcn ---uucaa
|
| 181 |
|
0 |
|a i
|
| 182 |
|
0 |
|a b
|
| 200 |
1 |
|
|a О влиянии времени плазменного воздействия на фазовый состав продукта синтеза на основе карбида молибдена
|f Ю. З. Васильева
|g науч. рук. А. Я. Пак
|
| 203 |
|
|
|a Текст
|c электронный
|
| 225 |
1 |
|
|a Перспективные материалы и нанотехнологии
|
| 300 |
|
|
|a Заглавие с титульного экрана
|
| 320 |
|
|
|a [Библиогр.: с. 360 (5 назв.)]
|
| 338 |
|
|
|b Российский фонд фундаментальных исследований
|d 20-38-90088
|
| 461 |
|
1 |
|0 (RuTPU)RU\TPU\conf\36040
|t Химия и химическая технология в XXI веке
|o материалы XXIII Международной научно-практической конференции студентов и молодых ученых имени выдающихся химиков Л. П. Кулёва и Н. М. Кижнера, Томск, 16-19 мая 2022 г.
|o в 2 т.
|f Национальный исследовательский Томский политехнический университет (ТПУ); Инженерная школа природных ресурсов; Инженерная школа новых производственных технологий; Исследовательская школа химических и биомедицинских технологий.
|d 2022
|
| 463 |
|
1 |
|0 (RuTPU)RU\TPU\conf\36042
|t Т. 2
|v [С. 359-360]
|d 2022
|
| 610 |
1 |
|
|a труды учёных ТПУ
|
| 610 |
1 |
|
|a электронный ресурс
|
| 610 |
1 |
|
|a плазменные воздействия
|
| 610 |
1 |
|
|a фазовый состав
|
| 610 |
1 |
|
|a синтез
|
| 610 |
1 |
|
|a карбид молибдена
|
| 610 |
1 |
|
|a переходные металлы
|
| 610 |
1 |
|
|a катализаторы
|
| 700 |
|
1 |
|a Васильева
|b Ю. З.
|c специалист в области электроэнергетики
|c научный сотрудник, доцент Томского политехнического университета, кандидат технических наук
|f 1995-
|g Юлия Захаровна
|y Томск
|3 (RuTPU)RU\TPU\pers\46564
|9 22222
|
| 702 |
|
1 |
|a Пак
|b А. Я.
|c специалист в области электротехники
|c начальник отдела Томского политехнического университета, кандидат технических наук
|f 1986-
|g Александр Яковлевич
|4 727
|
| 712 |
0 |
2 |
|a Национальный исследовательский Томский политехнический университет
|b Инженерная школа энергетики
|b Научно-исследовательский центр "Экоэнергетика 4.0"
|3 (RuTPU)RU\TPU\col\27583
|
| 801 |
|
2 |
|a RU
|b 63413507
|c 20220704
|g RCR
|
| 856 |
4 |
|
|u http://earchive.tpu.ru/handle/11683/72552
|
| 942 |
|
|
|c BK
|